[Event "Open"]
[Site "Chicago USA"]
[Date "2006.05.28"]
[Round "5"]
[White "Perelshteyn,E"]
[Black "Milov,V"]
[Result "0-1"]
[WhiteElo "2526"]
[BlackElo "2625"]

1.e4 c5 2.Nf3 e6 3.d4 cxd4 4.Nxd4 a6 5.Nc3 d6 6.g3 Bd7 7.Bg2 Nc6 8.O-O Nge7
9.Nb3 Nc8 10.a4 Be7 11.f4 O-O 12.Qe2 Nb4 13.Be3 Qc7 14.Qf2 Rb8 15.Rfc1 b6
16.Qd2 d5 17.exd5 Nd6 18.Bd4 Rfe8 19.Qf2 Bf8 20.Re1 exd5 21.Rxe8 Bxe8 22.Nxd5 Qxc2
23.Nxb4 Qxb3 24.Bc3 Nc4 25.Nxa6 Rd8 26.Be4 Rd1+ 27.Rxd1 Qxd1+ 28.Kg2 Qxa4
29.Qe2 Bb5 30.Nc7 Bc6  0-1

[Event "Open"]
[Site "Chicago USA"]
[Date "2006.05.28"]
[Round "6"]
[White "Milov,V"]
[Black "Izoria,Z"]
[Result "1/2-1/2"]
[WhiteElo "2625"]
[BlackElo "2647"]

1.d4 Nf6 2.c4 g6 3.Nc3 Bg7 4.e4 d6 5.Bg5 O-O 6.Qd2 a6 7.Bd3 c5 8.d5 b5 9.h3 e6
10.Nge2 b4 11.Nd1 exd5 12.cxd5 c4 13.Bc2 a5 14.O-O Ba6 15.Re1 Qb6 16.Be3 Qc7
17.Bd4 Nbd7 18.Ng3 Nc5 19.Ne3 Nfd7 20.Bxg7 Kxg7 21.Qd4+ f6 22.Nxc4 Ne5 23.Ne3 Qa7
24.Red1 Ncd3 25.Qxa7+ Rxa7 26.Bxd3 Nxd3 27.Rd2 Nc5 28.f3 f5 29.exf5 Re7 30.Nc2 gxf5
31.Nd4 Kg6 32.Nc6 Re3 33.Nf1 Bxf1 34.Rxf1 b3 35.Nxa5 bxa2 36.b4 Na6 37.Rxa2 Nxb4
38.Rd2 Rc3 39.Rb1 Rd3 40.Rbd1 Rxd2 41.Rxd2 Rc8 42.Nb7 Rb8 43.Nxd6 Rd8 44.Nc4 Rxd5
45.Rb2 Rd1+ 46.Kh2 Nd5 47.g3 h5 48.h4 Rc1  1/2-1/2

[Event "2nd Open"]
[Site "San Marino SMR"]
[Date "2006.06.05"]
[Round "1"]
[White "Cacco,C"]
[Black "Milov,V"]
[Result "0-1"]
[WhiteElo "2322"]
[BlackElo "2625"]

1.d4 g6 2.g3 Bg7 3.Bg2 c5 4.e3 Nf6 5.b3 O-O 6.Ne2 d5 7.O-O Nc6 8.Bb2 cxd4
9.exd4 Bf5 10.a3 Qd7 11.Nd2 Ne4 12.c4 Nxd2 13.Qxd2 dxc4 14.bxc4 Rac8 15.Rac1 Ne5
16.c5 b6 17.Bc3 Nd3 18.Rcd1 bxc5 19.g4 Bxg4 20.Qxd3 cxd4 21.Bb4 Rfe8 22.Rc1 e5
23.Ng3 Rxc1 24.Rxc1 Rc8 25.Re1 h5 26.Ne4 Bf5 27.Qa6 Bxe4 28.Bxe4 Kh7 29.f3 f5
30.Bb1 Rc6 31.Qe2 Re6 32.Qc4 Re8 33.Ba2 d3 34.Qd5 Qxd5 35.Bxd5 Rd8 36.Bb7 Bh6
37.Kf2 Bf4 38.h3 Rd4 39.Bc6 h4 40.Rb1 Rc4 41.Ba4 e4 42.fxe4 fxe4 43.Bb3 Rc2+
44.Kf1 Rh2 45.Bd1 e3 46.Kg1 Rxh3 47.Bc3 Rg3+ 48.Kh1 g5 49.Rb7+ Kg6 50.Rg7+ Kh6
51.Ba4 e2 52.Re7 h3 53.Be8 Re3 54.Rxe3 Bxe3 55.Bb5 g4 56.Bxd3 g3 57.Be4 Kg5
58.a4 Bf2  0-1

[Event "2nd Open"]
[Site "San Marino SMR"]
[Date "2006.06.07"]
[Round "3"]
[White "Heberla,B"]
[Black "Milov,V"]
[Result "0-1"]
[WhiteElo "2497"]
[BlackElo "2625"]

1.e4 c5 2.Nf3 e6 3.d4 cxd4 4.Nxd4 a6 5.Be2 Nf6 6.Nc3 Bb4 7.Qd3 d6 8.Bd2 Nbd7
9.Nb3 Ne5 10.Qe3 b6 11.f4 Ng6 12.a3 Bc5 13.Nxc5 bxc5 14.e5 dxe5 15.fxe5 Nd7
16.Ne4 O-O 17.O-O-O Bb7 18.Nxc5 Nxc5 19.Bb4 Nd7 20.Bxf8 Ngxf8 21.Bf3 Qc7
22.Rd6 Rc8 23.c3 h6 24.Rhd1 Nc5 25.Kb1 a5 26.R1d4 Bxf3 27.gxf3 Nb3 28.Rd1 Rb8
29.f4 a4 30.Qe4 Qa7 31.f5 Qf2 32.fxe6 Nxe6 33.Qxa4 Nbd4 34.b4 Nc5  0-1

[Event "2nd Open"]
[Site "San Marino SMR"]
[Date "2006.06.07"]
[Round "4"]
[White "Milov,V"]
[Black "Pantsulaia,L"]
[Result "1-0"]
[WhiteElo "2625"]
[BlackElo "2611"]

1.d4 Nf6 2.c4 e6 3.Nc3 c5 4.d5 exd5 5.cxd5 d6 6.e4 g6 7.f4 Bg7 8.Bb5+ Nfd7
9.Nf3 O-O 10.O-O a6 11.Bd3 b5 12.a3 Re8 13.Qe1 Bb7 14.Qg3 c4 15.Bc2 a5 16.Kh1 b4
17.axb4 axb4 18.Rxa8 Bxa8 19.Nd1 Qa5 20.Ne3 Qa2 21.e5 b3 22.Be4 Nc5 23.Ng5 Nbd7
24.Qh3 Nf8 25.f5 Rxe5 26.f6 Rxg5 27.fxg7 Nfd7 28.Rxf7 Qa7 29.Qh6 Qb8 30.Re7 Nxe4
31.Rxe4 Re5 32.Rxe5 Nxe5 33.Qg5 Qb4 34.Qh4 Qa5 35.h3 Qc7 36.Bd2 Qxg7 37.Bc3 g5
38.Qd4 Qf7 39.Qb6 Qf4 40.Qxd6 Qxe3 41.Bxe5 Qa7 42.Qd8+ Kf7 43.Qf6+  1-0

[Event "2nd Open"]
[Site "San Marino SMR"]
[Date "2006.06.08"]
[Round "5"]
[White "Tiviakov,S"]
[Black "Milov,V"]
[Result "1/2-1/2"]
[WhiteElo "2669"]
[BlackElo "2625"]

1.e4 c5 2.Nf3 e6 3.c3 d5 4.exd5 exd5 5.d4 Nf6 6.Bb5+ Bd7 7.Bxd7+ Nbxd7 8.O-O Be7
9.dxc5 Nxc5 10.Nd4 O-O 11.Nf5 Re8 12.Be3 Bf8 13.Qf3 Nce4 14.Rd1 Qc8 15.Nd2 g6
16.Ng3 Qe6 17.Nb3 Ng4 18.Nd4 Qc8 19.Nc2 Ne5 20.Qf4 Qc6 21.Nd4 Qa6 22.Nxe4 dxe4
23.Qxe4 Nc4 24.Qf3 Nxe3 25.fxe3 Re7 26.Nc2 Qb6 27.b3 Bg7 28.Rd3 Qc5 29.Nd4 Rae8
30.Re1 Re4 31.Re2 h5 32.g3 a6 33.a4 Qe7 34.Nc2 a5 35.c4 h4 36.Red2 Qg5 37.Rd7 R8e7
38.R2d5 f5 39.Rxe7 Qxe7 40.Rxa5 hxg3 41.hxg3 Be5 42.Ra8+ Kf7 43.Qh1 Bg7 44.Qh7 Rxe3
45.Nxe3 Qxe3+  1/2-1/2

[Event "34th World Open"]
[Site "Philadelphia USA"]
[Date "2006.07.03"]
[Round "7"]
[White "Milov,V"]
[Black "Kamsky,G"]
[Result "0-1"]
[WhiteElo "2625"]
[BlackElo "2671"]

1.d4 d5 2.c4 c6 3.Nc3 Nf6 4.e3 a6 5.Qc2 Bg4 6.f3 Bh5 7.Qb3 Ra7 8.cxd5 cxd5
9.g4 Bg6 10.Nge2 e6 11.h4 Bd3 12.Qd1 Bc4 13.Bg2 Nc6 14.b3 Bxe2 15.Nxe2 h6
16.Kf2 Nd7 17.f4 h5 18.g5 g6 19.Bd2 Ra8 20.Rc1 Ba3 21.Rc2 Nb6 22.Nc1 Nc8
23.Nd3 Nd6 24.Bc1 Bxc1 25.Qxc1 O-O 26.Ne5 Nb4 27.Rd2 Rc8 28.Qb1 Kg7 29.a3 Nc6
30.Nd3 Ne7 31.Nc5 a5 32.Rc2 Nef5 33.Qb2 Kh7 34.Bf3 Qe7 35.a4 b6 36.Nd3 Rxc2+
37.Qxc2 Rc8 38.Qb2 Rc7 39.Rc1 Nxh4 40.Bh1 Nhf5 41.Rxc7 Qxc7 42.Qc1 Qxc1 43.Nxc1 Kg7
44.Nd3 Kf8 45.Ne5 Ke7 46.Bg2 Kd8 47.Bh3 Ne7 48.Bf1 Nec8 49.Bd3 Na7 50.Ke2 Kc7
51.Nxf7 Nxf7 52.Bxg6 Nd6 53.Bxh5 Kd8 54.Bg6 Nc6 55.Bd3 Nb4 56.Bg6 Ne4 57.Ke1 Ng3
58.Kd2 Ke7 59.Ke1 Ne4 60.Kd1 Nd3 61.Bh5 Ng3 62.Bf3 Kf7 63.Kd2 Nf2 64.Ke1 Nfe4
65.Bg4 Nf5 66.Ke2 Kg6 67.Bf3 Nfg3+ 68.Ke1 Kf5 69.Bd1 Nc3 70.Bf3 Nge4 71.Bh5 Nb1
72.Bf7 Nbd2 73.Bg8 Nf3+ 74.Ke2 Nh4 75.Bh7+ Ng6 76.Kd3 Nd6 77.Ke2 Nc8 78.Bg8 Nce7
79.Bf7 Nc6 80.Be8 Nxd4+ 81.exd4 Nxf4+ 82.Ke3 Kxg5 83.Bd7 Kf5 84.Bc8 Ng6 85.Bd7 Kf6
86.Be8 Ne7 87.Kd3 Nf5 88.Bc6 Ke7 89.Bb7 Nd6 90.Ba6 Ne4 91.Ke3 Kd6 92.Bd3 Nf6
93.Bg6 e5 94.dxe5+ Kxe5 95.Kd3 Ne4 96.Bh7 Nc5+ 97.Kc3 Na6 98.Kd3 Nb4+ 99.Ke3 Kd6
100.Kd4 Nc6+ 101.Kd3 Kc5 102.Bg8 Kd6 103.Ke3 Ke5 104.Kd3 Nd4 105.Kc3 Ke4
106.b4 Nc6 107.bxa5 bxa5 108.Be6 Ne5 109.Bh3 Ke3 110.Bf1 d4+ 111.Kc2 d3+
112.Kc3 d2 113.Kc2 Nd7 114.Bb5 Nc5 115.Be8 Ke2 116.Bh5+ Ke1 117.Kc3 Nxa4+  0-1

[Event "34th World Open Blitz Playoff"]
[Site "Philadelphia USA"]
[Date "2006.07.04"]
[Round "1"]
[White "Kamsky,G"]
[Black "Milov,V"]
[Result "1-0"]
[WhiteElo "2671"]
[BlackElo "2625"]

1.e4 e6 2.d4 d5 3.Nc3 dxe4 4.Nxe4 Nd7 5.Nf3 Ngf6 6.Nxf6+ Nxf6 7.c3 c5 8.Ne5 a6
9.Qa4+ Bd7 10.Nxd7 Qxd7 11.Qxd7+ Kxd7 12.dxc5 Bxc5 13.Be2 Kc7 14.a4 Rad8
15.Bf4+ Bd6 16.Bg5 h6 17.Bxf6 gxf6 18.Bh5 Rd7 19.g3 Rg8 20.f4 f5 21.Ke2 f6
22.Rad1 Rgd8 23.Rhf1 Bc5 24.Rxd7+ Rxd7 25.b4 Bf8 26.a5 b6 27.Ra1 e5 28.Bg6 exf4
29.gxf4 Rg7 30.Bxf5 Rg2+ 31.Ke3 Rxh2 32.axb6+ Kxb6 33.Bd3 Rh3+ 34.Kd4 Bd6
35.Rxa6+ Kc7 36.Ra7+ Kb6 37.Rf7 Rh4 38.Kd5 Bxf4 39.Rxf6+ Kb7 40.Rf7+ Kb8
41.c4 Be3 42.Be4 Rf4 43.Rh7 Rg4 44.c5 Rg8 45.Kc6 Rf8 46.Kb5 Bd2 47.Bc6 Rf4
48.Kb6 Rf8 49.Ra7  1-0

[Event "34th World Open"]
[Site "Philadelphia USA"]
[Date "2006.07.04"]
[Round "8"]
[White "Jussupow,Ar"]
[Black "Milov,V"]
[Result "1/2-1/2"]
[WhiteElo "2608"]
[BlackElo "2625"]

1.d4 g6 2.Nf3 Bg7 3.g3 c5 4.c3 Qa5 5.Nbd2 cxd4 6.Nb3 Qb6 7.cxd4 d6 8.Bg2 Nf6
9.O-O O-O 10.d5 Na6 11.Qe1 Qb5 12.Nfd4 Qa4 13.Bf4 Bd7 14.h3 Rfc8 15.Qd2 Rc4
16.Rfd1 Rac8 17.Bh6 Nb4 18.Bxg7 Kxg7 19.g4 h6 20.a3 Nc2 21.Rab1 Qa6 22.Rdc1 Nxd4
23.Nxd4 Qb6 24.e3 Qc7 25.Ne2 Rc2 26.Rxc2 Qxc2 27.Qxc2 Rxc2 28.Nd4 Rc5 29.Rd1 g5
30.f4 a5  1/2-1/2

[Event "34th World Open"]
[Site "Philadelphia USA"]
[Date "2006.07.04"]
[Round "9"]
[White "Kacheishvili,G"]
[Black "Milov,V"]
[Result "1/2-1/2"]
[WhiteElo "2605"]
[BlackElo "2625"]

1.d4 g6 2.e4 Bg7 3.Nc3 d6 4.Nge2 c6 5.a4 d5 6.Bf4 dxe4 7.Nxe4 Bf5 8.f3 Nd7
9.N2g3 Ngf6 10.c3 Nd5 11.Bc1 Qc7 12.Bd3 e6 13.O-O O-O 14.Re1 c5 15.Nxf5 gxf5
16.Nxc5 Nxc5 17.dxc5 Qxc5+ 18.Kh1 Kh8 19.Qe2 Rg8 20.g4 Bf6 21.gxf5 exf5 22.Bd2 Rad8
23.Rad1 Ne7 24.Be3 Qc7 25.Bc4 Ng6 26.Rxd8 Rxd8 27.Bb3 b6 28.Bh6 Rg8 29.Qb5 Ne5
30.Bf4 Nd3 31.Qxd3 Qxf4 32.Bxf7 Rd8 33.Rg1 h6 34.Qe2 Bg5 35.Bd5 Qe3 36.Qb5 Qe7
37.c4 Bf4 38.Qc6 Qh4  1/2-1/2

[Event "XXI Rapid Open"]
[Site "Villarrobledo ESP"]
[Date "2006.08.06"]
[Round "7"]
[White "Malakhov,V"]
[Black "Milov,V"]
[Result "1-0"]
[WhiteElo "2690"]
[BlackElo "2620"]

1.e4 c5 2.Na3 e6 3.c3 Nf6 4.d3 Nc6 5.f4 d5 6.e5 Nd7 7.Nf3 Be7 8.Nc2 b5 9.g3 b4
10.cxb4 cxb4 11.Be3 Ba6 12.Be2 O-O 13.O-O Nc5 14.Nfd4 Nxd4 15.Nxd4 Rc8 16.Qd2 Qd7
17.f5 exf5 18.Nxf5 d4 19.Bxd4 Ne6 20.Be3 Rfd8 21.d4 Bxe2 22.Qxe2 Bf8 23.Rad1 Qd5
24.Qf2 Rd7 25.Rc1 Rxc1 26.Rxc1 Qxa2 27.h4 Rc7 28.Rd1 Qd5 29.Qg2 Rd7 30.Qxd5 Rxd5
31.g4 a5 32.b3 h6 33.Kf2 g6 34.Ng3 Kg7 35.Kf3 Nc7 36.Ke4 Rd8 37.d5 Nb5 38.Ne2 Re8
39.Bd4 Bd6 40.Bb2 Nc3+ 41.Nxc3 Bxe5 42.Kd3 bxc3 43.Bxc3 Bxc3 44.Kxc3 Kf6
45.Rf1+ Ke7 46.Re1+ Kd7 47.Rxe8 Kxe8 48.Kd4 f6 49.Ke4 Ke7 50.h5 gxh5 51.gxh5 Kd6
52.Kf5 Kxd5 53.Kxf6 Kd4 54.Kg6 Kc3 55.Kxh6 Kxb3 56.Kg6  1-0

[Event "3rd Rapid KO"]
[Site "Ajaccio FRA"]
[Date "2006.10.31"]
[Round "1.1"]
[White "Milov,V"]
[Black "Malaniuk,V"]
[Result "0-1"]
[WhiteElo "2657"]
[BlackElo "2534"]

1.d4 f5 2.g3 Nf6 3.Bg2 g6 4.Nf3 Bg7 5.b4 d6 6.O-O O-O 7.Bb2 Nc6 8.b5 Na5
9.Nbd2 a6 10.a4 Bd7 11.c4 c6 12.bxc6 Bxc6 13.d5 Bd7 14.Qc2 Rc8 15.Qd3 Ne4
16.Bxg7 Kxg7 17.Nxe4 fxe4 18.Qd4+ Kg8 19.Nd2 Qe8 20.Bxe4 Rc5 21.Bd3 Bxa4
22.Rfb1 b5 23.cxb5 axb5 24.Ne4 Rc8 25.Ng5 Nb3 26.Qh4 h5 27.Ra3 Nc5 28.Qd4 Nxd3
29.exd3 Rc2 30.Rf1 Qc8 31.Qe4 Qe8 32.d4 Rf5 33.h4 Rc4 34.Re3 Qd7 35.Rfe1 Rc8
36.Qxe7 Qxe7 37.Rxe7 Bb3 38.Rb7 Bxd5 39.Rxb5 Rcf8 40.Rb2 Ra8 41.Rc2 Ra7 42.f4 Kg7
43.Kf2 Rf8 44.Ne6+ Bxe6 45.Rxe6 Rf6 46.Re8 d5 47.Rd8 Rf5 48.Rc5 Ra2+ 49.Kf3 Ra3+
50.Kf2 Ra2+ 51.Ke3 Ra3+ 52.Kd2 Rxg3 53.Rcxd5 Rxf4 54.R5d7+ Rf7 55.Rxf7+ Kxf7
56.d5  0-1

[Event "3rd Rapid KO"]
[Site "Ajaccio FRA"]
[Date "2006.10.31"]
[Round "1.2"]
[White "Malaniuk,V"]
[Black "Milov,V"]
[Result "1/2-1/2"]
[WhiteElo "2534"]
[BlackElo "2657"]

1.d4 g6 2.e4 Bg7 3.c3 d6 4.Nf3 Nf6 5.Bd3 O-O 6.O-O Nc6 7.Nbd2 a6 8.a4 e5
9.dxe5 dxe5 10.Nc4 Re8 11.a5 Nh5 12.Ne3 Nf4 13.Bc4 Qf6 14.Nd5 Nxd5 15.Bxd5 h6
16.Be3 Ne7 17.Bb3 Bg4 18.h3 Rad8 19.Qe2 Bd7 20.Bc5 Nc8 21.Rfd1 Bf8 22.Bxf8 Rxf8
23.Qe3 Nd6 24.Qxh6 Nxe4 25.Re1 Nc5 26.Bc2 Ne6 27.Nxe5 Bc8 28.Ng4 Qg7 29.Qxg7+ Kxg7
30.Rad1 Nf4 31.Ne3 Be6 32.h4 Nh5 33.Rxd8 Rxd8 34.Rd1 Re8 35.g3 Nf6 36.f3 Re7
37.Kf2 Nd7 38.Nd5 Bxd5 39.Rxd5 Ne5 40.b3 Nc6 41.g4 Na7 42.Bd3 Nc6 43.Be4 Ne5
44.Bc2 Nd7 45.b4 Ne5 46.Bb3 c6 47.Rd2 Rc7 48.Re2 Nd3+ 49.Kg3 Nc1 50.Rb2 Re7
51.Bc4 Re1 52.Rd2 Re3 53.Rd7 Rxc3 54.Rxf7+ Kh8 55.Rf8+ Kg7 56.Rf7+  1/2-1/2

[Event "3rd Rapid Open"]
[Site "Ajaccio FRA"]
[Date "2006.10.31"]
[Round "9"]
[White "Sedlak,N"]
[Black "Milov,V"]
[Result "1/2-1/2"]
[WhiteElo "2549"]
[BlackElo "2657"]

1.d4 d5 2.Bf4 Nf6 3.e3 c6 4.c4 e6 5.Nc3 Be7 6.Nf3 O-O 7.cxd5 exd5 8.Bd3 Nbd7
9.O-O Re8 10.Ne5 Nf8 11.Qc2 Be6 12.h3 N6d7 13.Rab1 Nxe5 14.Bxe5 Bd6 15.Bxd6 Qxd6
16.b4 Bd7 17.Ne2 h6 18.a4 Ne6 19.Bf5 Ng5 20.Bxd7 Qxd7 21.Ng3 Ne4 22.Nxe4 Rxe4
23.b5 Re6 24.Qf5 g6 25.Qf4 Kg7 26.Rfc1 Rae8 27.bxc6 Rxc6 28.a5 Re7 29.Qb8 a6
30.Rxc6 Qxc6 31.Rb6 Qa4 32.Rxb7 Rxb7 33.Qxb7 Qxa5 34.Kh2 h5 35.g4 hxg4 36.hxg4 Qd2
37.Kg2 Qe2 38.g5 Qg4+ 39.Kf1 Qxg5 40.Qxa6 Qg4 41.Qd6 Qd1+  1/2-1/2

[Event "10th Corsica Masters KO"]
[Site "Bastia FRA"]
[Date "2006.11.05"]
[Round "1.2"]
[White "Gurevich,M"]
[Black "Milov,V"]
[Result "1/2-1/2"]
[WhiteElo "2648"]
[BlackElo "2657"]

1.c4 g6 2.Nc3 Bg7 3.g3 e5 4.Bg2 d6 5.d3 Ne7 6.e4 O-O 7.Nge2 Nd7 8.O-O f5
9.Be3 Nf6 10.h3 Be6 11.Nd5 c6 12.Nxf6+ Rxf6 13.b3 Rf7 14.Qd2 d5 15.exd5 cxd5
16.Bg5 Qd7 17.Nc3 dxc4 18.dxc4 Qxd2 19.Bxd2 e4 20.Rad1 Nc6 21.Nd5 Rd7 22.Bg5 Kf7
23.f3 exf3 24.Bxf3 Nd4 25.Bg2 Rc8 26.Nf4 Be5 27.Nxe6 Kxe6 28.Rfe1 Ne2+ 29.Kf2 Rxd1
30.Rxd1 Nc3 31.Re1 Kd6 32.Bxb7 Rc7 33.Bf3 Rc5 34.Bh6 Ke6 35.Bf8 Rc7 36.Bh6 Rc5
37.a4 Kf6 38.h4 Bd4+ 39.Kg2 Rc7 40.Bg5+ Kf7 41.Bd2 Rd7 42.c5 Bf6 43.Bxc3 Bxc3
44.Rd1 Re7 45.c6 Kf6 46.Rd7 Rxd7  1/2-1/2

[Event "10th Corsica Masters KO"]
[Site "Bastia FRA"]
[Date "2006.11.05"]
[Round "1.1"]
[White "Milov,V"]
[Black "Gurevich,M"]
[Result "0-1"]
[WhiteElo "2657"]
[BlackElo "2648"]

1.d4 d5 2.c4 c6 3.Nf3 Nf6 4.e3 Bf5 5.cxd5 cxd5 6.Nc3 Nc6 7.Ne5 Bd7 8.Bd3 e6
9.O-O Bd6 10.f4 Ne7 11.Bd2 Bc6 12.Be1 Nf5 13.Qf3 Be7 14.Qh3 Nd6 15.Bh4 Nfe4
16.Bxe7 Qxe7 17.Bxe4 dxe4 18.Rad1 O-O 19.d5 exd5 20.Nxd5 Bxd5 21.Rxd5 Rad8
22.Rfd1 f6 23.Ng4 Nf7 24.Qg3 Rxd5 25.Rxd5 Rd8 26.Rxd8+ Qxd8 27.h3 Qb6 28.Kh2 Qxb2
29.f5 h5 30.Qb8+ Kh7 31.Qe8 Qxa2 32.Nf2 Qd5 33.Kg1 Nd6 34.Qxh5+ Kg8 35.Qe2 Nxf5
36.Ng4 Kf7 37.Qc2 Ne7 38.Nf2 f5 39.h4 b5 40.Nh3 b4 41.Ng5+ Kg6 42.Qc8 Kh5
43.Qe8+ Ng6 44.Nh3 Qd1+ 45.Kh2 Qd6+ 46.Kg1 Kxh4 47.Qf7 Kg3 48.Nf2 Qc6 49.Nh1+ Kg4
50.Nf2+ Kg5 51.Qxg7 Qc1+ 52.Kh2 Qxe3 53.Nh3+ Kh5 54.Qh7+ Qh6 55.Qf7 Kg4 56.Qb3 Qd2
57.Qg8 Qd6+ 58.Kg1 e3 59.Qc4+ f4 60.Qe2+ Kf5 61.Qh5+ Kf6 62.Qg5+ Kg7 63.Qg4 b3
64.Ng5 b2 65.Qf5 Qd1+ 66.Kh2 Qh5+ 67.Kg1 Qxg5  0-1

[Event "XIX Carlos Torre Mem"]
[Site "Merida MEX"]
[Date "2006.12.14"]
[Round "1"]
[White "Milov,V"]
[Black "Gonzalez Arroyo,L"]
[Result "1-0"]
[WhiteElo "2657"]
[BlackElo "2174"]

1.d4 Nf6 2.c4 e5 3.dxe5 Ng4 4.e3 Nxe5 5.Nh3 d6 6.Nf4 Nbd7 7.Be2 Nf6 8.Nc3 c6
9.O-O Be7 10.b3 O-O 11.Qd2 Qc7 12.Bb2 Bf5 13.f3 Rad8 14.e4 Bc8 15.Kh1 Rfe8
16.Nd3 Ng6 17.f4 d5 18.cxd5 cxd5 19.e5 Ne4 20.Qe1 f5 21.Rc1 Qa5 22.a4 Kh8
23.Nb5 Qxe1 24.Rfxe1 Bd7 25.Rc7 a6 26.Nd4 Bc8 27.g3 Nf8 28.Rec1 Ne6 29.Nxe6 Bxe6
30.Bd4 Rd7 31.Kg2 Kg8 32.Ne1 Nd2 33.Bd1 Kf7 34.Rxd7 Bxd7 35.Rc7 Bc6 36.Nd3 Ne4
37.Nb4 Rb8 38.Nxc6 bxc6 39.Rxc6 Nd2 40.Rxa6  1-0

[Event "XIX Carlos Torre Mem"]
[Site "Merida MEX"]
[Date "2006.12.16"]
[Round "4"]
[White "Perez,Rod"]
[Black "Milov,V"]
[Result "0-1"]
[WhiteElo "2385"]
[BlackElo "2657"]

1.e4 c5 2.Nf3 e6 3.Nc3 a6 4.d4 cxd4 5.Nxd4 d6 6.Be3 b5 7.Qd2 Bb7 8.f3 Ne7
9.O-O-O Nec6 10.Qf2 Nd7 11.Kb1 Rc8 12.Nxc6 Bxc6 13.h4 Qc7 14.Bd3 Be7 15.Ne2 Nc5
16.Nd4 Bb7 17.Bg5 O-O 18.Rhe1 Rfe8 19.Bxe7 Qxe7 20.g4 g6 21.Bf1 e5 22.Nb3 Ne6
23.Rd2 Red8 24.Red1 Nf4 25.Na5 Ba8 26.Qb6 d5 27.Qxa6 Qxh4 28.Nb3 Qg3 29.Bxb5 Qxf3
30.exd5 Nxd5 31.a4 Rf8 32.Bd7 Rxc2 33.Bc6 Rxc6  0-1

[Event "XIX Carlos Torre Mem KO"]
[Site "Merida MEX"]
[Date "2006.12.18"]
[Round "1.2"]
[White "Ehlvest,J"]
[Black "Milov,V"]
[Result "1/2-1/2"]
[WhiteElo "2597"]
[BlackElo "2657"]

1.e4 c5 2.Nf3 Nc6 3.Bb5 Qb6 4.Nc3 e6 5.Bxc6 bxc6 6.d3 d5 7.O-O Nf6 8.Re1 Be7
9.b3 Qc7 10.Bg5 h6 11.Bh4 Ba6 12.e5 Nd7 13.Bxe7 Kxe7 14.Qc1 g5 15.Na4 Qa5
16.c4 Rab8 17.h3 Rhg8 18.Qd2 Qxd2 19.Nxd2 f6 20.Nf3 g4 21.hxg4 Rxg4 22.g3 f5
23.Nc3 f4 24.Kg2 fxg3 25.fxg3 Rbg8 26.Ne2 h5 27.Rh1 h4 28.Rag1 hxg3 29.Rh7+ Kd8
30.Rgh1 Bc8 31.R1h4  1/2-1/2

[Event "XIX Carlos Torre Mem"]
[Site "Merida MEX"]
[Date "2006.12.19"]
[Round "7"]
[White "Milov,V"]
[Black "Zapata,A"]
[Result "1-0"]
[WhiteElo "2657"]
[BlackElo "2470"]

1.d4 Nf6 2.c4 d6 3.Nc3 e5 4.Nf3 e4 5.Ng5 Qe7 6.g3 h6 7.Nh3 c6 8.Bg2 Bf5 9.e3 Na6
10.a3 g5 11.Ng1 Bg7 12.Nge2 d5 13.cxd5 cxd5 14.Bd2 O-O 15.h3 Be6 16.g4 Ne8
17.Ng3 Nd6 18.f3 exf3 19.Bxf3 Nc7 20.Qe2 Rad8 21.h4 f5 22.O-O-O Ne4 23.Nxf5 Bxf5
24.gxf5 Ng3 25.Qd3 Rxf5 26.Bg4 Rff8 27.Rhg1 gxh4 28.Be1 Ne4 29.Nxe4 dxe4
30.Qc4+ Kh8 31.Bb4 Qf7 32.Qc2 Rfe8 33.Rdf1 Qg8 34.Qxc7 Rc8 35.Bxc8 Rxc8 36.Rxg7  1-0

[Event "Gibtelecom Masters"]
[Site "Catalan Bay ENG"]
[Date "2007.01.23"]
[Round "1"]
[White "Milov,V"]
[Black "Bellon Lopez,JuM"]
[Result "1-0"]
[WhiteElo "2665"]
[BlackElo "2442"]

1.d4 Nf6 2.c4 e5 3.dxe5 Ng4 4.Bf4 Nc6 5.Nf3 Bb4+ 6.Nbd2 Qe7 7.e3 Ngxe5 8.Nxe5 Nxe5
9.Be2 O-O 10.O-O Ng6 11.Bg3 Bd6 12.Bxd6 Qxd6 13.Ne4 Qe5 14.Nc3 b6 15.Qd2 Re8
16.Rae1 Bb7 17.Bd3 Rad8 18.Bxg6 hxg6 19.e4 g5 20.Re3 g6 21.Rd1 Kg7 22.Rg3 Qf4
23.Qd4+ Qe5 24.f3 f6 25.Nb5 Ba6 26.Qxe5 Rxe5 27.Nxa7 Rc5 28.b3 b5 29.cxb5 Bxb5
30.Nxb5 Rxb5 31.Rg4 Re5 32.h4 d6 33.Rc1 Rd7 34.Rc2 c5 35.hxg5 fxg5 36.Rg3 Kf6
37.Rh3 g4 38.Rh4 g3 39.Rf4+ Kg7 40.Rg4 d5 41.Rxg3 dxe4 42.fxe4 Rd1+ 43.Kh2 Rf1
44.Rf3 Ra1 45.Rfc3 Kf6 46.Kg3 Ke6 47.Rxc5 Rxc5 48.Rxc5 Rxa2 49.b4  1-0

[Event "Gibtelecom Masters"]
[Site "Catalan Bay ENG"]
[Date "2007.01.25"]
[Round "3"]
[White "Milov,V"]
[Black "Coimbra,M"]
[Result "1-0"]
[WhiteElo "2665"]
[BlackElo "2061"]

1.d4 d5 2.c4 c6 3.Nf3 Nf6 4.e3 e6 5.Bd3 Nbd7 6.b3 Bd6 7.Bb2 O-O 8.O-O Re8
9.Ne5 Qc7 10.f4 Ne4 11.Bxe4 dxe4 12.Qh5 Nf6 13.Qh3 Nd7 14.Nc3 f5 15.g4 Nf8
16.Rf2 Bxe5 17.fxe5 Ng6 18.Qg3 Rf8 19.Raf1 Bd7 20.Ba3 Rfe8 21.h4 Qd8 22.Rh2 Qa5
23.Nb1 b5 24.h5 Ne7 25.Rg2  1-0

[Event "Gibtelecom Masters"]
[Site "Catalan Bay ENG"]
[Date "2007.01.26"]
[Round "4"]
[White "Ansell,S"]
[Black "Milov,V"]
[Result "0-1"]
[WhiteElo "2393"]
[BlackElo "2665"]

1.e4 c5 2.Nf3 e6 3.d3 Nc6 4.g3 g6 5.Bg5 Be7 6.h4 d6 7.Bh3 h6 8.Bd2 Nf6 9.Bc3 e5
10.Bxc8 Qxc8 11.a4 Qe6 12.Na3 Ng4 13.Nh2 h5 14.Nxg4 hxg4 15.Nc4 f5 16.Ne3 O-O-O
17.Qe2 Bg5 18.Nd5 Ne7 19.Nxe7+ Qxe7 20.b4 Qc7 21.b5 Qd7 22.f3 gxf3 23.Qxf3 Bh6
24.a5 fxe4 25.Qxe4 d5 26.Qg2 Rhf8 27.a6 b6 28.h5 g5 29.Rf1 g4 30.Ke2 e4 31.Rxf8 Rxf8
32.dxe4 Qxb5+ 33.Ke1 Qc4 34.Bb2 Rf3 35.exd5 Qe4+  0-1

[Event "Gibtelecom Masters"]
[Site "Catalan Bay ENG"]
[Date "2007.01.27"]
[Round "5"]
[White "Milov,V"]
[Black "Howell,D"]
[Result "1-0"]
[WhiteElo "2665"]
[BlackElo "2501"]

1.d4 Nf6 2.c4 g6 3.Nc3 d5 4.cxd5 Nxd5 5.e4 Nxc3 6.bxc3 Bg7 7.Bg5 c5 8.Rc1 cxd4
9.cxd4 O-O 10.d5 Qa5+ 11.Qd2 Qxd2+ 12.Kxd2 e6 13.Nf3 exd5 14.exd5 Nd7 15.Bc4 Nc5
16.Be7 Bh6+ 17.Kc3 Ne4+ 18.Kb4 Bf5 19.Nd4 a5+ 20.Ka3 Bxc1+ 21.Rxc1 Rfc8 22.Nxf5 gxf5
23.Kb2 Kg7 24.f3 Nf6 25.a4 Ng8 26.Bh4 Nf6 27.Bg3 Kg6 28.Rc3 Nd7 29.Bb5 Nb6
30.Rd3 f6 31.d6 Nc4+ 32.Kb3 Ne5 33.d7 Rg8 34.Rd6 Kf7 35.Bh4 Ke7 36.Rxf6 Nxd7
37.Rh6+  1-0

[Event "Gibtelecom Masters"]
[Site "Catalan Bay ENG"]
[Date "2007.01.30"]
[Round "7"]
[White "Milov,V"]
[Black "Efimenko,Z"]
[Result "1/2-1/2"]
[WhiteElo "2665"]
[BlackElo "2616"]

1.d4 Nf6 2.c4 g6 3.Nc3 Bg7 4.e4 d6 5.Bg5 O-O 6.Qd2 c5 7.d5 a6 8.a4 Qa5 9.Ra3 e6
10.Bd3 exd5 11.Nxd5 Qxd2+ 12.Kxd2 Nxd5 13.exd5 Re8 14.Nf3 a5 15.Rb3 Nd7 16.Re1 Rxe1
17.Nxe1 Bf6 18.Bh6 Bg7 19.Bxg7 Kxg7 20.Nc2 b6 21.Na3 Ba6 22.Be2 Re8 23.Re3 Rxe3
24.Kxe3 f5 25.h3 Kf6 26.g4 fxg4 27.hxg4 g5 28.f3 Ne5 29.b3 h6 30.Bd1  1/2-1/2

[Event "Gibtelecom Masters"]
[Site "Catalan Bay ENG"]
[Date "2007.01.31"]
[Round "8"]
[White "Kuzubov,Y"]
[Black "Milov,V"]
[Result "1-0"]
[WhiteElo "2554"]
[BlackElo "2665"]

1.d4 d5 2.c4 c6 3.Nf3 Nf6 4.e3 a6 5.Nc3 b5 6.b3 Nbd7 7.Qc2 g6 8.Bd3 Bg7 9.O-O O-O
10.Rd1 Bb7 11.Bb2 dxc4 12.bxc4 c5 13.d5 bxc4 14.Bxc4 Nb6 15.Be2 Qd6 16.Rab1 Rab8
17.Na4 Nbd7 18.e4 Qf4 19.Nd2 e6 20.g3 Qc7 21.dxe6 fxe6 22.f3 Bc6 23.Nc3 Nh5
24.Kg2 Qe5 25.Nc4 Qg5 26.Bc1 Qe7 27.Be3 Rxb1 28.Nxb1 Nhf6 29.Nc3 Rb8 30.Bf4 Ra8
31.Na5 Bb5 32.Nxb5 axb5 33.Nc6 Qf7 34.Bxb5 h6 35.a4 g5 36.Bd6 Bf8 37.Ne5 Nxe5
38.Bxe5 Qe7 39.Qc4  1-0

[Event "Gibtelecom Masters"]
[Site "Catalan Bay ENG"]
[Date "2007.02.01"]
[Round "9"]
[White "Milov,V"]
[Black "Tissir,M"]
[Result "1-0"]
[WhiteElo "2665"]
[BlackElo "2482"]

1.d4 d5 2.c4 c6 3.Nf3 Nf6 4.e3 Bf5 5.Nc3 e6 6.Nh4 Bg6 7.Nxg6 hxg6 8.a3 Nbd7
9.g3 a6 10.c5 e5 11.Bg2 Be7 12.O-O Kf8 13.b4 Kg8 14.f4 e4 15.a4 b6 16.g4 a5
17.b5 bxc5 18.g5 Nh5 19.bxc6 Nb6 20.Rb1 cxd4 21.Qxd4 Bb4 22.Nb5 Nxa4 23.Ba3 Nc5
24.Bxb4 Ne6 25.Bxa5 Rxa5 26.Qd2 Ra8 27.Rfd1 Rc8 28.Qxd5 Qxd5 29.Rxd5 Rxc6
30.Bxe4 Kh7 31.Rd7 Rb6 32.Nd6 Rxb1+ 33.Bxb1 Rb8 34.Ba2 Nc5 35.Rc7 Nd3 36.Nxf7 Ra8
37.Bc4 Nb2 38.Be2  1-0

[Event "II Int Open"]
[Site "Morelia MEX"]
[Date "2007.02.15"]
[Round "1"]
[White "Silva,JoseL"]
[Black "Milov,V"]
[Result "0-1"]
[WhiteElo "2128"]
[BlackElo "2665"]

1.d4 Nf6 2.c4 g6 3.Nc3 Bg7 4.e4 d6 5.f4 c5 6.dxc5 Qa5 7.Bd3 Qxc5 8.Nf3 Nc6
9.Qe2 Bg4 10.Be3 Qa5 11.O-O Nd7 12.Rac1 O-O 13.a3 Nd4 14.Qf2 Nb3 15.Rcd1 Bxc3
16.bxc3 Bxf3 17.Qxf3 Qxc3 18.e5 Nbc5 19.Qh3 Nxd3 20.Qxd7 Nxe5 21.fxe5 Qxe3+
22.Kh1 dxe5 23.Qxe7 b6 24.h4 Rae8 25.Qd7 Qe2  0-1

[Event "II Int Open"]
[Site "Morelia MEX"]
[Date "2007.02.16"]
[Round "3"]
[White "De la Paz,F"]
[Black "Milov,V"]
[Result "0-1"]
[WhiteElo "2433"]
[BlackElo "2665"]

1.e4 c5 2.Nf3 e6 3.d4 cxd4 4.Nxd4 a6 5.Bd3 Ne7 6.O-O Nbc6 7.Be3 Nxd4 8.Bxd4 Nc6
9.Bc3 b5 10.a3 e5 11.Nd2 d6 12.b4 Be7 13.a4 Rb8 14.axb5 axb5 15.Nb3 O-O 16.Na5 Qc7
17.Bd2 Be6 18.c3 d5 19.Qe2 Rfd8 20.Bxb5 Nxa5 21.Rxa5 dxe4 22.c4 Rxb5 23.cxb5 Qc2
24.Rc1 Qb2 25.Qe1 Rxd2 26.Ra8+ Bf8 27.Rb1 Qd4 28.b6 Bd5 29.Raa1 Rd3 30.b5 h6
31.h3 e3 32.fxe3 Rxe3  0-1